| 000 | 00756nam a22001817a 4500 | ||
|---|---|---|---|
| 999 |
_c63617 _d63617 |
||
| 003 | Ge_BSU | ||
| 005 | 20251114212133.0 | ||
| 008 | 251114s1972 ge ||||| |||| 00| 0 geo d | ||
| 041 | _ageo | ||
| 080 | _a908(470) ჩ-95 | ||
| 100 |
_aჩხარტიშვილი, ს. _925808 |
||
| 245 |
_aსაბჭოთა რუსეთი / _cს. ჩხარტიშვილი. |
||
| 264 |
_aთბილისი: _b საბჭ. საქართველო, _c1972. |
||
| 300 |
_a102გვ. ; _b16სმ. |
||
| 490 | _aთავისუფალ ერთა მძლე კავშირი ძმური | ||
| 653 | _aკომუნისტური მშენებლობა რუსეთში. | ||
| 942 |
_2udc _cᲬᲘᲒᲜᲘ |
||